Statistiques concernant Tous les jeux Mario sur Switch

Cliquez ici pour prendre le quiz!

Statistiques générales

  • Ce quiz a été pris 96 fois
    (13 depuis la dernière actualisation)
  • Le résultat moyen est 5 sur 20

Statistiques - réponses

Date sortieNom% Correct
10/2017Super Mario Odyssey
70%
04/2017Mario Kart 8 Deluxe
60%
09/2020Super Mario 3d All Star
50%
10/2018Super Mario Party
50%
02/2021Super Mario 3d World + Bowser's Fury
40%
20/10/2023Super Mario Bros. Wonder
40%
06/2019Super Mario Maker 2
40%
10/2021Mario Party Superstars
30%
01/2019New Super Mario Bros. U Deluxe
30%
17/11/2023Super Mario RPG
30%
16/02/2024Mario vs. Donkey Kong
20%
11/2019Mario & Sonic aux jeux olympiques de Tokyo 2020
10%
06/2021Mario Golf : Super Rush
10%
06/2022Mario Strikers : Battle League Football
10%
07/2020Paper Mario : The Origami King
10%
16/10/2022Mario Kart Live : Home Circuit
0%
08/2017Mario + Lapins crétins : Kingdom Battle
0%
20/10/2022Mario + Lapins Crétins : Sparks of Hop
0%
06/2018Mario Tennis Aces
0%
23/05/2024Paper Mario : La Porte Millénaire
0%

Distribution des résultats

Percentile par nombre de réponses

% des personnes avec chaque résultat

Votre développement - résultats

Vous n’avez pas pris ce quiz depuis la dernière actualisation